Early evaluation in Hevea: Growth and yield at the juvenile phase (Record no. 47190)

MARC details
000 -LEADER
fixed length control field 01965nam a2200337Ia 4500
100 ## - MAIN ENTRY--AUTHOR NAME
Personal name Varghese Y A
245 #0 - TITLE STATEMENT
Title Early evaluation in Hevea: Growth and yield at the juvenile phase
260 ## - PUBLICATION, DISTRIBUTION, ETC. (IMPRINT)
Name of publisher Indian Journal of Natural Rubber Research
Year of publication 1993
300 ## - PHYSICAL DESCRIPTION
Number of Pages 19-23
520 ## - SUMMARY, ETC.
Summary, etc Thirteen clones, with yield levels ranging from high to low, were evaluated for juvenile growth, yield and yield components at the nursery stage to identify early selection parameters. Computation of growth and performance indices revealed that, in general, high yielders recorded higher values in comparison to medium and low yielders. Correlations of juvenile yield with the yield components, plugging index, DRC and panel length at the age of three years were highly significant and 54.5 per cent of the total variability for juvenile yield could be accounted for by these three variables. Correlations for girth and juvenile yield between two and four years of age were also highly significant. The results reveal that based on girth and yield at two years, high yielders could be selected. However, certain vigorous medium yielders are also likely to record high juvenile yield. A rational approach to reduce progeny size as well as to ensure evaluation of all potential high yielders would be to select all genotypes giving better performance index than the general mean.
650 ## - SUBJECT ADDED ENTRY--TOPICAL TERM
Topical Term Early evaluation
650 ## - SUBJECT ADDED ENTRY--TOPICAL TERM
Topical Term Early evaluation
650 ## - SUBJECT ADDED ENTRY--TOPICAL TERM
Topical Term Growth index
650 ## - SUBJECT ADDED ENTRY--TOPICAL TERM
Topical Term Growth index
650 ## - SUBJECT ADDED ENTRY--TOPICAL TERM
Topical Term Hevea brasiliensis
650 ## - SUBJECT ADDED ENTRY--TOPICAL TERM
Topical Term Hevea brasiliensis
650 ## - SUBJECT ADDED ENTRY--TOPICAL TERM
Topical Term India
650 ## - SUBJECT ADDED ENTRY--TOPICAL TERM
Topical Term India
650 ## - SUBJECT ADDED ENTRY--TOPICAL TERM
Topical Term Performance index
650 ## - SUBJECT ADDED ENTRY--TOPICAL TERM
Topical Term Performance index
650 ## - SUBJECT ADDED ENTRY--TOPICAL TERM
Topical Term Plant breeding
650 ## - SUBJECT ADDED ENTRY--TOPICAL TERM
Topical Term Plant breeding
650 ## - SUBJECT ADDED ENTRY--TOPICAL TERM
Topical Term Yield components
650 ## - SUBJECT ADDED ENTRY--TOPICAL TERM
Topical Term Yield components
700 ## - ADDED ENTRY--PERSONAL NAME
Personal name John A
700 ## - ADDED ENTRY--PERSONAL NAME
Personal name Panikkar A O N
700 ## - ADDED ENTRY--PERSONAL NAME
Personal name Premakumari D
700 ## - ADDED ENTRY--PERSONAL NAME
Personal name Sethuraj M R
942 ## - ADDED ENTRY ELEMENTS (KOHA)
Koha item type Articles
Holdings
Withdrawn status Lost status Damaged status Not for loan Home library Current library Shelving location Date acquired Serial Enumeration / chronology Koha item type
      Articles RRII Library RRII Library Botany 20/12/2021 Volume 6, Issue 1&2 Articles